000 01368nam a2200229 a 4500
001 000048305
005 20250116162810.0
008 181217s2014 dr ad r 000 m spa d
020 _a9789945885941
040 _aDO-SdBNP
_bspa
_cBNPHU
082 _axxxx
_bE82p
245 0 0 _aEstudio de prevalencia, tipología y causas de la violencia en los centros educativos de básica y media de la República Dominicana /
_cinvestigador principal ; Yira Vargas, M.Ed.
260 _aSanto Domingo :
_bMINERD : INDEICE,
_bUNIBE,
_c2014.
300 _a194 p. :
_bil., tablas ;
_c27 cm.
504 _aBibliografía : p. 38
505 0 _aIntroducción --
_tObjetivos --
_tOperacionalización de las variables --
_tPrincipales referentes teóricos --
_tMétodos --
_tInstrumentos --
_tProcedimientos --
_tResultados --
_tDiscusión general --
_tLimitaciones del estudio --
_tRecomendaciones --
_tEsquema visual de los hallazgos por objetivos --
_tConclusión --
_tReferencias --
_tBibliografía --
_tAnexos --
_tTabla --
_tInstrumentos --
_tFotos --
590 _aInventariado, 2019/LP
700 1 _aVargas, Yira.
_975721
710 1 2 _aRepública Dominicana
_bMinisterio de Educación
_972019
710 1 2 _aInstituto Dominicano de Evaluación e Investigación de la Calidad Educativa, República Dominicana
_975723
710 2 2 _aUniversidad Iberoamericana (Santo Domingo, República Dominicana)
_984319
999 _c47793
_d47793